Dragon Ball - Membres de l'Armée du Ruban Rouge - Statistiques

Statistiques générales
  • Ce quiz a été pris 29 fois
  • Le résultat moyen est 10 sur 37
Statistiques - réponses
Description Animés Personnages % Correct
1er leader du Ruban Rouge DB Général Red
86%
Frère de Tsuru Sennin DB, DBZ Tao Paï Paï
81%
Assistant du 1er leader du Ruban Rouge DB, DBGT Colonel Black
62%
Sosie de Frankenstein (3e étage) DB, DBZ, DBGT, DBS C-8
57%
Cyborg brun jumeau du cyborg suivant DBZ, DBGT, DBS C-17
38%
Cyborg blonde jumelle du cyborg prcédent DBZ, DBGT, DBS C-18
38%
Femme aux cheveux courts DB Colonel Violet
38%
Cyborg à casquette DBZ C-13
33%
Grand cyborg gris DBZ C-14
33%
Petit cyborg à lunettes DBZ C-15
33%
Cyborg inspiré du défunt fils du 2e leader DBZ, DBGT C-16
33%
Officier roux du Ruban rouge qui porte un foulard autour du cou DB Colonel Silver
33%
Cyborg du 3e Ruban Rouge à la cape rouge DBS Gamma 1
33%
Cyborg du 3e Ruban Rouge à la cape bleue DBS Gamma 2
33%
Tué par le frère de Tsuru Sennin DB, DBGT Général Blue
33%
Fusion des 2 cyborgs bruns DBGT Super C-17
33%
Monstre rose de la Muscle Tower (5e étage) DB Boing
29%
Assistant du 2e leader du Ruban Rouge DBZ, DBGT C-19
29%
Fusion des 3 cyborgs précédents DBZ Super C-13
29%
2e leader du Ruban Rouge DBZ, DBGT Docteur Gero
24%
Commandant de la Muscle Tower (6e étage) DB Général White
24%
Géant cyborg à lunettes de la Muscle Tower (2e étage) DB, DBGT Sergent Metallic
24%
3e leader du Ruban Rouge et fils du 1er leader DBS Magenta
19%
Clone du cyborg brun créé en Enfer DBGT C-17 (Hell Fighter)
14%
Ressemble à un tigre DB, DBGT Capitaine Yellow
14%
Quintuplé ninja le plus âgé (3e étage) (Manie un katana) DB Sergent-major Murasaki
14%
Après avoir été mis KO par Piccolo, celui-ci le remplace DBS 94
10%
Créateur de "Frankenstein" DB Docteur Frappé
10%
Petit-fils du 2e leader DBS Docteur Hedo
10%
Voleuse DB Husky
10%
Accompagne Piccolo pour capturer Pan DBS 15
5%
Quintuplé ninja le quatrième plus âgé (3e étage) (Manie une sarbacane) DB Aka
5%
Pilote d'hélicoptère (Manie un fouet) DB, DBGT Capitaine Dock
5%
Assistant et chauffeur du 3e leader DBS Carmine
5%
Quintuplé ninja le troisième plus âgé (3e étage) (Manie un pistolet) DB Cha
5%
Quintuplé ninja le deuxième plus âgé (3e étage) (Manie des kunaïs) DB Kon
5%
Quintuplé ninja le plus jeune (3e étage) (Manie une faucille) DB Nao
5%
Aucun quiz correspondant
Distribution des résultats
% des personnes avec chaque résultat
Percentile par nombre de réponses
Votre historique - résultats
Vous n’avez pas pris ce quiz